Preparing for retirement. (Record no. 14800)

000 -LEADER
fixed length control field 00559nam a2200193 a 4500
001 - CONTROL NUMBER
control field :::00012634$&:&@@
003 - CONTROL NUMBER IDENTIFIER
control field OkBaRHE
005 - DATE AND TIME OF LATEST TRANSACTION
control field 20000607103421.0
008 - FIXED-LENGTH DATA ELEMENTS--GENERAL INFORMATION
fixed length control field s1992 j 000 0 eng u
040 ## - CATALOGING SOURCE
Transcribing agency
100 1# - MAIN ENTRY--PERSONAL NAME
Personal name Burkett, Larry.
245 10 - TITLE STATEMENT
Title Preparing for retirement.
260 ## - PUBLICATION, DISTRIBUTION, ETC. (IMPRINT)
Place of publication, distribution, etc Chicago, IL., :
Name of publisher, distributor, etc Moody Press,
Date of publication, distribution, etc c1992
300 ## - PHYSICAL DESCRIPTION
Extent 278 p. ;
Dimensions 23cm
650 ## - SUBJECT ADDED ENTRY--TOPICAL TERM
Topical term or geographic name as entry element Finance, Personal
650 ## - SUBJECT ADDED ENTRY--TOPICAL TERM
Topical term or geographic name as entry element Retirement Income
942 ## - ADDED ENTRY ELEMENTS (KOHA)
Source of classification or shelving scheme
Koha item type Books
Copies
Shelving location Source of classification or shelving scheme Copy number Not for loan Date last seen Lost status Damaged status Permanent Location Price effective from Full call number Withdrawn status Date acquired Koha item type Barcode
General Stacks 1 2010-04-14  RHEMA Bible Training College2010-04-14HQ 1062 .B8 2010-04-14Books12634